[Event "IECC KO-1057"]
[Site "IECC email"]
[Date "2006.02.03"]
[Round "?"]
[White "Finch, Ian"]
[Black "Cieslak, Brian"]
[Result "0-1"]
[WhiteElo "1049"]
[BlackElo "982"]
[PlyCount "44"]
[EventDate "2006.??.??"]
[EventType "match (corr)"]
[EventRounds "2"]
[SourceTitle "Corr 2020"]
[Source "ChessBase"]
[SourceDate "2019.09.30"]
[SourceVersion "1"]
[SourceVersionDate "2019.09.30"]
[SourceQuality "1"]
[WhiteTeam "England"]
[BlackTeam "United States"]
[WhiteTeamCountry "ENG"]
[BlackTeamCountry "USA"]

1. e4 c5 2. Nf3 Nc6 3. d4 cxd4 4. Nxd4 Nf6 5. Nc3 d6 6. Bg5 g6 7. Bxf6 exf6 8. Bc4 Ne5 9. Qd2 Nxc4 10. Qd3 Ne5 11. Qb5+ Qd7 12. Qxd7+ Bxd7 13. 0-0 Bg7 14. Nd5 0-0 15. Rfe1 Nc4 16. b3 f5 17. bxc4 Bxd4 18. Rad1 Bc5 19. Nf6+ Kh8 20. Nxd7 Rfc8 21. Nf6 Kg7 22. Nd5 Re8 0-1

[Event "IECC O-2301"]
[Site "IECC email"]
[Date "2005.11.23"]
[Round "?"]
[White "Finch, Ian"]
[Black "Sipowicz, Jaime"]
[Result "0-1"]
[WhiteElo "1026"]
[BlackElo "1200"]
[PlyCount "30"]
[EventDate "2005.??.??"]
[EventType "swiss (corr)"]
[EventRounds "2"]
[SourceTitle "Corr 2008"]
[Source "ChessBase"]
[SourceDate "2008.06.24"]
[SourceVersion "1"]
[SourceVersionDate "2008.06.24"]
[SourceQuality "1"]

1. e4 e5 2. Nf3 Nc6 3. Bc4 Bc5 4. c3 Nf6 5. d4 exd4 6. cxd4 Bb4+ 7. Bd2 Nxe4 8. Bxb4 Nxb4 9. Bxf7+ Kxf7 10. Qb3+ d5 11. Ne5+ Ke8 12. Qxb4 Qf6 13. Qa4+ c6 14. Nd2 Rf8 15. Nxe4 dxe4 0-1

[Event "IECG TG-2003-0-14883"]
[Site "IECG email"]
[Date "2003.05.07"]
[Round "2"]
[White "Finch, Ian"]
[Black "Weaver, Jonathon"]
[Result "1-0"]
[WhiteElo "800"]
[BlackElo "800"]
[PlyCount "25"]
[EventDate "2003.05.07"]
[EventType "tourn (corr)"]
[EventRounds "6"]
[SourceTitle "Corr 2024"]
[Source "ChessBase"]
[SourceDate "2023.10.19"]
[SourceVersion "1"]
[SourceVersionDate "2023.10.19"]
[SourceQuality "1"]

1. e4 e5 2. Nf3 f6 3. d4 d6 4. d5 c6 5. Nc3 Qa5 6. Bd2 Bg4 7. Be2 Nh6 8. 0-0 Nd7 9. Nb5 Qa4 10. Nc7+ Kd8 11. Nxa8 f5 12. Ng5 fxe4 13. Bxg4 1-0

[Event "IECG TG-2003-0-14793"]
[Site "IECG email"]
[Date "2003.02.08"]
[Round "2"]
[White "Mcgrogan, Brendan"]
[Black "Finch, Ian"]
[Result "0-1"]
[WhiteElo "800"]
[BlackElo "800"]
[PlyCount "82"]
[EventDate "2003.02.08"]
[EventType "tourn (corr)"]
[EventRounds "6"]
[SourceTitle "Corr 2024"]
[Source "ChessBase"]
[SourceDate "2023.10.19"]
[SourceVersion "1"]
[SourceVersionDate "2023.10.19"]
[SourceQuality "1"]

1. e4 c6 2. d4 d5 3. Nc3 dxe4 4. Nxe4 Bf5 5. Bd3 e5 6. Nf3 Nd7 7. dxe5 Nxe5 8. Nxe5 Qa5+ 9. Bd2 Qxe5 10. Qe2 0-0-0 11. 0-0-0 Nf6 12. Ng5 Qxe2 13. Bxe2 Rd7 14. Bc4 Bg6 15. Be3 Bd6 16. Bxf7 Bxf7 17. Rxd6 Rhd8 18. Nxf7 Rxf7 19. Rxd8+ Kxd8 20. Bxa7 Kc8 21. f3 Nd5 22. Bd4 Nf4 23. Re1 Nxg2 24. Rg1 Nf4 25. Rxg7 Rxg7 26. Bxg7 h5 27. h4 Ne2+ 28. Kb1 Kd7 29. Be5 Ke6 30. f4 Kf5 31. c4 Kg4 32. Bf6 Kxf4 33. c5 Ke4 34. a4 Kd5 35. Be7 Kc4 36. Kc2 Nd4+ 37. Kd2 Kb3 38. Ke3 Nf5+ 39. Kf4 Nxe7 40. Kg5 Kxa4 41. Kxh5 Nf5 0-1

[Event "IECC M email"]
[Site "IECC email"]
[Date "2001.04.18"]
[Round "?"]
[White "Richard, Peter"]
[Black "Finch, Ian"]
[Result "1-0"]
[WhiteElo "984"]
[BlackElo "1082"]
[PlyCount "35"]
[EventDate "2001.??.??"]
[EventType "tourn (corr)"]
[EventRounds "6"]
[SourceTitle "Corr 2008"]
[Source "ChessBase"]
[SourceDate "2008.06.24"]
[SourceVersion "1"]
[SourceVersionDate "2008.06.24"]
[SourceQuality "1"]

1. e4 c5 2. Nf3 d6 3. d4 cxd4 4. Nxd4 Nf6 5. Nc3 g6 6. Be3 Bg7 7. f3 0-0 8. Qd2 Nc6 9. 0-0-0 d5 10. exd5 Nxd5 11. Nxc6 bxc6 12. Bd4 e5 13. Bc5 Be6 14. Ne4 Re8 15. h4 h6 16. g4 Qc7 17. Bc4 Bf8 18. Bxf8 1-0

[Event "IECC M email"]
[Site "IECC email"]
[Date "1999.10.01"]
[Round "?"]
[White "Finch, Ian"]
[Black "Copin, Jean Christophe"]
[Result "1-0"]
[WhiteElo "1113"]
[BlackElo "1084"]
[PlyCount "59"]
[EventDate "1999.??.??"]
[EventType "tourn (corr)"]
[EventRounds "6"]
[SourceTitle "Corr 2008"]
[Source "ChessBase"]
[SourceDate "2008.06.24"]
[SourceVersion "1"]
[SourceVersionDate "2008.06.24"]
[SourceQuality "1"]

1. e4 e5 2. Nf3 Nc6 3. d4 exd4 4. Nxd4 Bc5 5. Be3 Qf6 6. c3 Nge7 7. Bc4 d5 8. exd5 Nxd4 9. cxd4 Bf5 10. dxc5 Qxb2 11. Nd2 b5 12. Bb3 0-0-0 13. Nf3 Nxd5 14. Bd4 Rhe8+ 15. Kf1 Ne3+ 16. fxe3 Qa3 17. Kf2 Qa6 18. Re1 Qh6 19. Qe2 a6 20. Rad1 c6 21. Bxf7 Re4 22. Be5 Rxd1 23. Rxd1 Rxe5 24. Nxe5 Qh4+ 25. Kg1 Qf6 26. Qf3 Qxe5 27. Qxc6+ Qc7 28. Qe8+ Kb7 29. Bd5+ Ka7 30. Qa8# 1-0

[Event "IECC O email"]
[Site "IECC email"]
[Date "1999.05.25"]
[Round "?"]
[White "Thomas, Benjamin"]
[Black "Finch, Ian"]
[Result "0-1"]
[WhiteElo "1100"]
[BlackElo "1107"]
[PlyCount "68"]
[EventDate "1999.??.??"]
[EventType "tourn (corr)"]
[EventRounds "6"]
[SourceTitle "Corr 2008"]
[Source "ChessBase"]
[SourceDate "2008.06.24"]
[SourceVersion "1"]
[SourceVersionDate "2008.06.24"]
[SourceQuality "1"]

1. e4 c6 2. Nf3 d5 3. e5 Bg4 4. d4 e6 5. Qd3 Bb4+ 6. c3 Ba5 7. Bg5 Ne7 8. Be2 0-0 9. Nh4 Bxe2 10. Qxe2 Nd7 11. Qg4 Kh8 12. Nf3 Qe8 13. h4 Bc7 14. h5 Nf5 15. Nh4 h6 16. Bf4 Nxh4 17. Rxh4 f6 18. Nd2 fxe5 19. Be3 exd4 20. cxd4 Nf6 21. Qh3 Qe7 22. a3 Rae8 23. Nf3 e5 24. Rd1 e4 25. Ng5 hxg5 26. Bxg5 Qe6 27. g4 Qf7 28. Be3 Bd8 29. Kd2 Nh7 30. g5 Nxg5 31. Bxg5 Bxg5+ 32. Kc3 Bxh4 33. Qxh4 Qf6 34. Kc2 Qxh4 0-1

[Event "IECC M email"]
[Site "IECC email"]
[Date "1999.05.11"]
[Round "?"]
[White "Finch, Ian"]
[Black "Christensen, Del"]
[Result "1-0"]
[WhiteElo "1137"]
[BlackElo "1000"]
[PlyCount "73"]
[EventDate "1999.??.??"]
[EventType "tourn (corr)"]
[EventRounds "6"]
[SourceTitle "Corr 2008"]
[Source "ChessBase"]
[SourceDate "2008.06.24"]
[SourceVersion "1"]
[SourceVersionDate "2008.06.24"]
[SourceQuality "1"]

1. e4 e5 2. Nf3 Nc6 3. d4 exd4 4. Nxd4 d6 5. Bb5 Bd7 6. Be3 Nf6 7. Nc3 g6 8. 0-0 Bg7 9. Qd2 0-0 10. Rad1 Re8 11. Bg5 a6 12. Bxc6 bxc6 13. Rfe1 c5 14. Nf3 h6 15. Bxh6 Nh5 16. Nd5 c6 17. Nc3 Rb8 18. b3 Be5 19. Nxe5 dxe5 20. Na4 c4 21. bxc4 Nf6 22. Bg5 Be6 23. Qxd8 Rbxd8 24. Rxd8 Rxd8 25. Bxf6 Rd2 26. Rc1 Bxc4 27. Bg5 Bxa2 28. Bxd2 Bc4 29. Nb6 Be6 30. c4 Kh7 31. Ra1 f5 32. Rxa6 fxe4 33. Ra7+ Kg8 34. Nd7 Bxc4 35. Nf6+ Kf8 36. Bb4+ c5 37. Bxc5# 1-0

[Event "IECC M email"]
[Site "IECC email"]
[Date "1999.04.14"]
[Round "?"]
[White "Cooper, Dale"]
[Black "Finch, Ian"]
[Result "1/2-1/2"]
[WhiteElo "1221"]
[BlackElo "1101"]
[PlyCount "38"]
[EventDate "1999.??.??"]
[EventType "tourn (corr)"]
[EventRounds "6"]
[SourceTitle "Corr 2008"]
[Source "ChessBase"]
[SourceDate "2008.06.24"]
[SourceVersion "1"]
[SourceVersionDate "2008.06.24"]
[SourceQuality "1"]

1. e4 c6 2. d4 d5 3. exd5 cxd5 4. Nf3 Nf6 5. Bd3 Nc6 6. Nc3 Bg4 7. 0-0 Nxd4 8. Re1 e6 9. a3 Bd6 10. Bb5+ Nxb5 11. Nxb5 0-0 12. Bg5 Qb6 13. Bxf6 Qxb5 14. Bc3 Bc5 15. h3 Bh5 16. g4 Bg6 17. Nd4 Qc4 18. Qd2 Bxd4 19. Bxd4 Qxc2 1/2-1/2

[Event "IECC M email"]
[Site "IECC email"]
[Date "1999.01.31"]
[Round "?"]
[White "Finch, Ian"]
[Black "Lafargue, Philippe"]
[Result "1-0"]
[WhiteElo "1083"]
[BlackElo "969"]
[PlyCount "49"]
[EventDate "1999.??.??"]
[EventType "tourn (corr)"]
[EventRounds "6"]
[SourceTitle "Corr 2008"]
[Source "ChessBase"]
[SourceDate "2008.06.24"]
[SourceVersion "1"]
[SourceVersionDate "2008.06.24"]
[SourceQuality "1"]

1. e4 e5 2. Nf3 Qf6 3. Bc4 Qg6 4. 0-0 Nf6 5. Nxe5 Qxe4 6. Bxf7+ Kd8 7. d4 d6 8. Nc3 Qf5 9. Nf3 Ng4 10. Bg5+ Nf6 11. Qd2 Be7 12. Rfe1 Nc6 13. d5 Nb4 14. Nd4 Qg4 15. Be6 Qh5 16. Bxc8 Rxc8 17. Ne6+ Kd7 18. Nb5 Nfxd5 19. Bxe7 Nc6 20. Nxg7 Qf7 21. Qh6 Ncxe7 22. Qh3+ Kd8 23. Ne6+ Ke8 24. Ng5 Nf4 25. Qxc8# 1-0

[Event "IECC M email"]
[Site "IECC email"]
[Date "1999.01.13"]
[Round "?"]
[White "Richard, Andy"]
[Black "Finch, Ian"]
[Result "1/2-1/2"]
[WhiteElo "1162"]
[BlackElo "1081"]
[PlyCount "76"]
[EventDate "1999.??.??"]
[EventType "tourn (corr)"]
[EventRounds "6"]
[SourceTitle "Corr 2008"]
[Source "ChessBase"]
[SourceDate "2008.06.24"]
[SourceVersion "1"]
[SourceVersionDate "2008.06.24"]
[SourceQuality "1"]

1. e4 c5 2. Nf3 d6 3. d4 cxd4 4. Nxd4 Nf6 5. Nc3 g6 6. Be3 Bg7 7. f3 Nc6 8. Qd2 0-0 9. Bc4 Bd7 10. 0-0-0 Rc8 11. Bb3 Ne5 12. h4 h5 13. Bg5 Rc5 14. Kb1 b5 15. g4 a5 16. gxh5 Nxh5 17. Nd5 Bf6 18. Nxf6+ Nxf6 19. Bxf6 exf6 20. h5 g5 21. f4 Bg4 22. Rdg1 Nf3 23. Nxf3 Bxf3 24. Rh3 Bxe4 25. fxg5 fxg5 26. Rhg3 Kh8 27. Qd4+ Re5 28. Rxg5 Qf6 29. Rxe5 Qxe5 30. Qd2 Kh7 31. Qxa5 Qxh5 32. Qb4 Qe5 33. Qe1 Bg6 34. Qh4+ Kg7 35. Rh1 Re8 36. Qh6+ Kf6 37. Rf1+ Ke7 38. a3 Rc8 1/2-1/2